[Event "SVK-chT3B2 2223"]
[Site "Slovakia"]
[Date "2022.10.23"]
[Round "1.1"]
[White "Kutny, Marian"]
[Black "Bebjak, Martin"]
[Result "1/2-1/2"]
[WhiteElo "1967"]
[BlackElo "2036"]
[PlyCount "46"]
[EventDate "2022.10.23"]
[EventType "team-tourn"]
[EventRounds "11"]
[EventCountry "SVK"]
[SourceTitle "EXT 2024"]
[Source "ChessBase"]
[SourceDate "2023.10.10"]
[SourceVersion "1"]
[SourceVersionDate "2023.10.10"]
[SourceQuality "1"]
[WhiteTeam "Belusa II"]
[BlackTeam "Povazska Bystrica Sparta II"]
[WhiteTeamCountry "SVK"]
[BlackTeamCountry "SVK"]

1. d4 d5 2. c4 e6 3. Bf4 Nf6 4. e3 Be7 5. Nf3 0-0 6. Nc3 c6 7. Bd3 Nbd7 8. 0-0 dxc4 9. Bxc4 Nd5 10. Bg3 b6 11. e4 Nxc3 12. bxc3 Bb7 13. Re1 c5 14. d5 exd5 15. Bxd5 Bxd5 16. exd5 Re8 17. c4 Nf6 18. Ne5 Bd6 19. Nc6 Qd7 20. Qf3 Bxg3 21. hxg3 Rxe1+ 22. Rxe1 Re8 23. Rxe8+ Qxe8 1/2-1/2